Grösste Stadt nach jeweiligem Land - Statistiken

Allgemein
  • Dieses Quiz wurde 135 mal gespielt
  • Das Durchschnittsergebnis liegt bei 12 aus 15
Antwortstatistiken
Land Stadt % Korrekt
Österreich Wien
100%
Italien Rom
99%
Frankreich Paris
98%
USA New York
96%
Deutschland Berlin
95%
Spanien Madrid
95%
Australien Sydney
92%
Kanada Toronto
83%
Südafrika Johannesburg
82%
China Shanghai
75%
Saudi Arabien Riad
74%
Brasilien São Paulo
60%
Indien Delhi
54%
Vietnam Ho-Chi-Minh-Stadt
36%
Bolivien Santa Cruz de la Sierra
10%
Keine übereinstimmenden Quizze gefunden
Verteilung der Resultate
Anzahl Personen mit jedem Resultat
Perzentil nach korrekt beantworteten Fragen
Ihre Resultats-Entwicklung
Sie haben dieses Quiz noch nicht gespielt